Ewige Tabelle / Champions League - Statistiken

Allgemein
  • Dieses Quiz wurde 196 mal gespielt
  • Das Durchschnittsergebnis liegt bei 11 aus 15
Antwortstatistiken
Platz: Antwort % Korrekt
1 Real Madrid
100%
3 FC Barcelona
93%
2 Bayern München
92%
5 Manchester United
87%
10 Inter Mailand
85%
7 AC Mailand
83%
4 Juventus Turin
78%
6 FC Liverpool
75%
13 Ajax Amsterdam
67%
12 FC Chelsea
65%
15 Atletico Madrid
64%
8 Benfica Lissabon
59%
14 Paris St. Germain
59%
9 FC Porto
55%
11 FC Arsenal
50%
Keine übereinstimmenden Quizze gefunden
Verteilung der Resultate
Anzahl Personen mit jedem Resultat
Perzentil nach korrekt beantworteten Fragen
Ihre Resultats-Entwicklung
Sie haben dieses Quiz noch nicht gespielt